Sports Quiz

Random Sports or Tennis Quiz

Wimbledon Runners-Up (Ladies) Quiz Stats

 Plays Quiz Updated Jan 13, 2020

Support Sporcle.
Go Orange.
Score 0/53 Timer 05:00
3 Plays Today
Year Runner-Up % Correct
2019Serena Williams
98.9%
2004Serena Williams
98.8%
2008Serena Williams
98.8%
2002Venus Williams
98.7%
2003Venus Williams
98.7%
2009Venus Williams
98.7%
2018Serena Williams
98.7%
2017Venus Williams
98.4%
1987Steffi Graf
89.6%
1999Steffi Graf
89.6%
2011Maria Sharapova
88.1%
1988Martina Navratilova
88%
1989Martina Navratilova
88%
1994Martina Navratilova
88%
2000Lindsay Davenport
83.5%
2005Lindsay Davenport
83.5%
1973Chris Evert
83.4%
1978Chris Evert
83.4%
1979Chris Evert
83.4%
1980Chris Evert
83.4%
1982Chris Evert
83.4%
1984Chris Evert
83.4%
1985Chris Evert
83.4%
1969Billie Jean King
82.8%
1970Billie Jean King
82.8%
1971Margaret Court
76.3%
1972Evonne Goolagong Cawley
76.2%
Year Runner-Up % Correct
1975Evonne Goolagong Cawley
76.2%
1976Evonne Goolagong Cawley
76.2%
1992Monica Seles
69.9%
2016Angelique Kerber
61.6%
2001Justine Henin
61%
2006Justine Henin
61%
1995Arantxa Sanchez Vicario
53%
1996Arantxa Sanchez Vicario
53%
2015Garbine Muguruza
49.8%
2021Karolina Pliskova
49.5%
1993Jana Novotna
43.8%
1997Jana Novotna
43.8%
1991Gabriela Sabatini
37.3%
2013Sabine Lisicki
37%
2014Eugenie Bouchard
36%
2007Marion Bartoli
35%
2012Agnieszka Radwanska
33.8%
1981Hana Mandlikova
30.4%
1986Hana Mandlikova
30.4%
2010Vera Zvonareva
20%
1990Zina Garrison
19.9%
1977Betty Stove
18.5%
1998Nathalie Tauziat
16%
1983Andrea Jaeger
14.9%
1974Olga Morozova
8.3%
1968Judy Tegart Dalton
6.6%

From the Vault

Unrealistic Movie Age Gaps

by Buck

Movies 6m
We wish these people would just act their age.
Remove Ads.
Support Sporcle.
Get the best of Sporcle when you Go Orange. This ad-free experience offers more features, more stats, and more fun while also helping to support Sporcle. Thank you for becoming a member.

Show Comments

Extras

Top Quizzes Today


Score Distribution

Your Account Isn't Verified!

In order to create a playlist on Sporcle, you need to verify the email address you used during registration. Go to your Sporcle Settings to finish the process.

Report this User

Report this user for behavior that violates our Community Guidelines.

Details: